Rammstein: Random Facts - Statistics

General Stats
  • This quiz has been taken 87 times
    15 since last reset
  • The average score is 7 of 15
Answer Stats
Hint Answer % Correct
Most popular song (Spotify) Du hast
100%
Certified pyrotechnician Till Lindemann
85%
When Rammstein was formed 1994
77%
First album Herzeleid
77%
First song Rammstein
77%
Amount of albums (not including compilations and live albums) 8
69%
Song including the most different languages Ausländer
54%
Least popular song, not including demos, lives or remixes (Spotify) 5/4
31%
Schneider's nickname Doom
31%
Shortest song Diamant
23%
Paul Landers' birth name Heiko
15%
Bassist Oliver Riedel
8%
Band's name before Rammstein Tempelprayers
8%
The structure on the cover of Zeit Trudelturm
8%
Rammstein name origin Ramstein-Miesenbach airshow disaster
0%
No matching quizzes found
Score Distribution
Percent of People with Each Score
Percentile by Number Answered
Your Score History
You have not taken this quiz since the last reset